Proces globalizácie a decentralizácie v Slovenskej republike
Globalizácia a jej vplyv na ekonomiku. Fiškálna globalizácia. Iniciatíva fiškálnej decentralizácie. Proces globalizácie a decentralizácie v Slovenskej republike. Globalizácia a finančná kríza. Úlohy štátu v čase krízy.
Uložené v:
| Hlavný autor: | |
|---|---|
| Médium: | Kapitola |
| Jazyk: | Slovak |
| Predmet: | |
| Tagy: |
Žiadne tagy, Buďte prvý, kto otaguje tento záznam!
|
MARC
| LEADER | 00000nla$a2200000$$$4500 | ||
|---|---|---|---|
| 001 | 0146737 | ||
| 005 | 20240502072641.3 | ||
| 041 | 0 | |a slo | |
| 044 | |a SK | ||
| 245 | 1 | 0 | |a Proces globalizácie a decentralizácie v Slovenskej republike |c Erika Bartalosová |
| 520 | |a Globalizácia a jej vplyv na ekonomiku. Fiškálna globalizácia. Iniciatíva fiškálnej decentralizácie. Proces globalizácie a decentralizácie v Slovenskej republike. Globalizácia a finančná kríza. Úlohy štátu v čase krízy. | ||
| 610 | 2 | 0 | |a globalizácia |
| 610 | 2 | 0 | |a globalizácia hospodárstva |
| 610 | 2 | 0 | |a decentralizácia fiškálna |
| 610 | 2 | 0 | |a financie |
| 610 | 2 | 0 | |a samospráva miestna |
| 610 | 2 | 0 | |a vyššie územné celky |
| 610 | 2 | 0 | |a kríza finančná |
| 610 | 2 | 0 | |a štát |
| 610 | 2 | 0 | |a regulácia |
| 610 | 2 | 0 | |a riadenie |
| 610 | 2 | 0 | |a Slovensko |
| 100 | 1 | |a Bartalosová, Erika, 1986- | |